| 000 | 00366nam a2200133Ia 4500 | ||
|---|---|---|---|
| 008 | 230907s9999||||xx |||||||||||||| ||und|| | ||
| 082 |
_a327.51 _bZHA |
||
| 100 | _aZhang, Qingmin. | ||
| 245 | 0 | _aContemporary Chinese Diplomacy (Chinese) / | |
| 260 |
_aChina Intercontinental press, _b: _c2019 |
||
| 300 | _a178 p. | ||
| 650 |
_aChinese Studies _9116216 |
||
| 942 | _cBK | ||
| 999 |
_c601635 _d601635 |
||